000 01131cad a22002775a 4500
001 L149730
008 100415e20100403xxk 000 0 eng d
035 _a(Sirsi) u149730
041 0 _aeng
100 1 _aHartley, Simon
245 0 4 _aThe golden rules
260 _c2010
490 _aEstates Gazette
_v(1013) 3 April 2010, 78-79(2)
520 _a"Goldacre (Offices) Ltd v Nortel Networks UK Ltd (in administration)" [2009] EWHC 3389 (Ch) (L149729) clarifies the treatment of rent as an administration expense where adminsitrators make use of or retain leasehold premises. Insolvency expenses and the "Lundy Granite" principle.
590 _aKA
650 2 4 _aGOLDACRE (OFFICES) LTD V NORTEL NETWORKS UK LTD
650 2 4 _aSUNBERRY PROPERTIES LTD V INNOVATE LOGISTICS LTD (IN ADMINISTRATION)
650 2 4 _aINSOLVENCY ACT 1986
650 2 4 _aENTERPRISE ACT 2002
650 2 4 _aTOSHOKU FINANCE UK PLC (IN ADMINISTRATION)
650 2 4 _aEXETER CITY COUNCIL V BAIRSTOW
651 4 _aENGLAND AND WALES
690 _aPROPERTY-COMMERCIAL PROPERTY-COMMERCIAL LANDLORD AND TENANT
700 1 _aWood, Alexandra
942 _n0
999 _c82267
_d82267